| 000 -LEADER |
| fixed length control field |
01567cam a2200373 i 4500 |
| 005 - DATE AND TIME OF LATEST TRANSACTION |
| control field |
20200309090522.0 |
| 008 - FIXED-LENGTH DATA ELEMENTS--GENERAL INFORMATION |
| fixed length control field |
180427s2018 ii ab b 001 0 eng d |
| 010 ## - LIBRARY OF CONGRESS CONTROL NUMBER |
| LC control number |
2017353313 |
| 020 ## - INTERNATIONAL STANDARD BOOK NUMBER |
| International Standard Book Number |
9789386552822 |
| Qualifying information |
(hardback) |
| 020 ## - INTERNATIONAL STANDARD BOOK NUMBER |
| Cancelled/invalid ISBN |
9789386552839 |
| Qualifying information |
(POD) |
| 020 ## - INTERNATIONAL STANDARD BOOK NUMBER |
| International Standard Book Number |
9386552825 |
| 025 ## - OVERSEAS ACQUISITION NUMBER |
| Overseas acquisition number |
I-E-2017353313; 60-92; 61-92; 49-92 |
| 035 ## - SYSTEM CONTROL NUMBER |
| System control number |
(OCoLC)on1032696310 |
| 035 ## - SYSTEM CONTROL NUMBER |
| System control number |
(OCoLC)1032696310 |
| 037 ## - SOURCE OF ACQUISITION |
| Source of stock number/acquisition |
Library of Congress -- New Delhi Overseas Office |
| 040 ## - CATALOGING SOURCE |
| Original cataloging agency |
DKAGE |
| Language of cataloging |
eng |
| Description conventions |
rda |
| Transcribing agency |
DKAGE |
| Modifying agency |
DLC |
| 042 ## - AUTHENTICATION CODE |
| Authentication code |
lccopycat |
| -- |
lcode |
| 043 ## - GEOGRAPHIC AREA CODE |
| Geographic area code |
a-ii--- |
| 050 00 - LIBRARY OF CONGRESS CALL NUMBER |
| Classification number |
QH183 |
| Item number |
.S57 2018 |
| 082 ## - DEWEY DECIMAL CLASSIFICATION NUMBER |
| Classification number |
577.6609541 |
| Item number |
SIN |
| 100 1# - MAIN ENTRY--PERSONAL NAME |
| Personal name |
Singh, Vipul, |
| Dates associated with a name |
1969- |
| Relator term |
author. |
| 245 10 - TITLE STATEMENT |
| Title |
Speaking rivers : |
| Remainder of title |
environmental history of a mid-Ganga flood country, 1540-1885 / |
| Statement of responsibility, etc |
Vipul Singh. |
| 300 ## - PHYSICAL DESCRIPTION |
| Extent |
xxiv, 228 pages : |
| Other physical details |
illustrations (black and white), maps (black and white) ; |
| Dimensions |
24 cm |
| 504 ## - BIBLIOGRAPHY, ETC. NOTE |
| Bibliography, etc |
Includes bibliographical references (pages 201-222) and index. |
| 650 #0 - SUBJECT ADDED ENTRY--TOPICAL TERM |
| Topical term or geographic name as entry element |
Floodplain ecology |
| Geographic subdivision |
Gangetic Plain (India and Bangladesh) |
| General subdivision |
History. |
| 650 #0 - SUBJECT ADDED ENTRY--TOPICAL TERM |
| Topical term or geographic name as entry element |
Floodplain ecology |
| Geographic subdivision |
India |
| -- |
Bihar |
| General subdivision |
History. |
| 650 #0 - SUBJECT ADDED ENTRY--TOPICAL TERM |
| Topical term or geographic name as entry element |
Stream ecology |
| General subdivision |
Economic aspects |
| Geographic subdivision |
Gangetic Plain (India and Bangladesh) |
| 650 #0 - SUBJECT ADDED ENTRY--TOPICAL TERM |
| Topical term or geographic name as entry element |
Stream ecology |
| General subdivision |
Economic aspects |
| Geographic subdivision |
Bihar. |
| 650 #0 - SUBJECT ADDED ENTRY--TOPICAL TERM |
| Topical term or geographic name as entry element |
Environmental policy |
| Geographic subdivision |
India |
| -- |
Gangetic Plain (India and Bangladesh) |
| 650 #0 - SUBJECT ADDED ENTRY--TOPICAL TERM |
| Topical term or geographic name as entry element |
Environmental policy |
| Geographic subdivision |
India |
| -- |
Bihar. |
| 906 ## - LOCAL DATA ELEMENT F, LDF (RLIN) |
| a |
7 |
| b |
cbc |
| c |
copycat |
| d |
3 |
| e |
ncip |
| f |
20 |
| g |
y-gencatlg |
| 942 ## - ADDED ENTRY ELEMENTS (KOHA) |
| Source of classification or shelving scheme |
|
| 955 ## - COPY-LEVEL INFORMATION (RLIN) |
| Book number/undivided call number, CCAL (RLIN) |
wd50 2018-05-09 to Cataloging |
| Copy status, CST (RLIN) |
wd34 2018-09-13 |
| Circulation control number, HNT (RLIN) |
wd48 2018-11-01 |
| Classification number, CCAL (RLIN) |
cb08 2020-01-09 to CALM |